MARC

LEADER 00000nam0a2200000 4500
001 33627
005 20231030215246.0
035 |a (RuTPU)RU\TPU\book\33983 
035 |a BOOK00000634 
090 |a 33627 
100 |a 20011210d1965 k y0rusy50 ca 
101 0 |a rus 
102 |a RU 
105 |a y z 000zy 
200 1 |a Кабели связи  |f И. И. Гроднев 
210 |a Москва  |a Ленинград  |c Энергия  |d 1965 
215 |a 279 с. 
610 1 |a кабели связи 
610 1 |a теория 
610 1 |a конструирование 
610 1 |a расчеты 
675 |a 621.39.052  |v 3 
700 1 |a Гроднев  |b И. И.  |g Игорь Измайлович 
801 0 |a RU  |b 63413507  |c 20011210  |g PSBO 
801 2 |a RU  |b 63413507  |c 20110919  |g PSBO 
900 |a Кабели связи 
942 |c BK